Za Jánom Korenkom

Bibliographic Details
Main Author: Ondruš, Šimon, 1924-2011 (Author)
Format: Article
Language:Slovak
ISSN:0862-5999
Subjects:

MARC

LEADER 00000nab a2200000 a 4500
001 vtls000559832
003 SK-MaSNL
005 20260303174204.0
008 160216c1995 xo 0 slo
015 |a SNBRB19rr/mm-uuuuu 
035 |a CL0559970 
040 |a SNKBUCL  |b slo  |c SNKBUCL  |e AACR2 
041 0 |a slo 
044 |a xo  |c SK 
080 |a 82:929:885.4  |2 1981 
080 |a 885.4  |2 1981 
080 |a 355.333  |2 1981 
080 |a 929 Korenko, Ján  |2 1981 
100 1 |a Ondruš, Šimon,  |d 1924-2011  |4 aut  |9 170117 
245 1 0 |a Za Jánom Korenkom  |c Šimon Ondruš 
600 1 7 |a Korenko, Ján Juraj,  |d 1915-1995  |2 snkbucl  |9 37640 
655 7 |a články z novín a časopisov  |2 snkbucl  |9 267496 
655 7 |a články z odboru literárna veda a krásna literatúra  |2 snkbucl  |9 770045 
773 0 |t Literárny týždenník  |g Roč. 8, č. 36 (1995), s. 2  |x 0862-5999 
850 |a Slovenská národná knižnica v Martine  |a MTA001 
852 |a SNK  |b KIS3GCP 
958 |a BX 
958 |a LX 
999 |c 2095594  |d 2097524